Treasure (Record no. 2732)

MARC details
000 -LEADER
fixed length control field 00551nam a22002057a 4500
001 - CONTROL NUMBER
control field 2732
003 - CONTROL NUMBER IDENTIFIER
control field FISKH
005 - DATE AND TIME OF LATEST TRANSACTION
control field 20260309162152.0
008 - FIXED-LENGTH DATA ELEMENTS--GENERAL INFORMATION
fixed length control field 240111b cb ||||| |||| 00| 0 eng d
020 ## - INTERNATIONAL STANDARD BOOK NUMBER
International Standard Book Number 9781609960780
040 ## - CATALOGING SOURCE
Original cataloging agency FISKH
Language of cataloging eng
Transcribing agency FISKH
Modifying agency FISKH
082 ## - DEWEY DECIMAL CLASSIFICATION NUMBER
Classification number 622.19
100 ## - MAIN ENTRY--PERSONAL NAME
Personal name Glenn, Murphy
245 ## - TITLE STATEMENT
Title Treasure
Remainder of title fortunes lost and found
260 ## - PUBLICATION, DISTRIBUTION, ETC.
Place of publication, distribution, etc. Greensboro :
Name of publisher, distributor, etc. Carson-Dellosa,
Date of publication, distribution, etc. 2010
300 ## - PHYSICAL DESCRIPTION
Extent 64 pages :
Other physical details color illustrations ;
Dimensions 29 cm.
Accompanying material one CD Rom
505 ## - FORMATTED CONTENTS NOTE
Formatted contents note M
521 8# - TARGET AUDIENCE NOTE
Target audience note 721 <br/>
Source Lexile estimate
942 ## - ADDED ENTRY ELEMENTS (KOHA)
Source of classification or shelving scheme Library of Congress Classification
Koha item type Books
Suppress in OPAC No
Holdings
Withdrawn status Lost status Source of classification or shelving scheme Damaged status Not for loan Collection Home library Current library Shelving location Date acquired Total Checkouts Full call number Barcode Date last seen Copy number Price effective from Koha item type Date last checked out Date due
    Library of Congress Classification     Non-Fiction Footprints International School Library Network Toul Kork Campus Footprints International School Library Network Toul Kork Campus   01/11/2024   MUR 622.19 (no loc) 2024-0016 01/11/2024 1 01/11/2024 Books    
    Library of Congress Classification     Non-Fiction Footprints International School Library Network Toul Kork Campus Footprints International School Library Network Toul Kork Campus   01/11/2024 1 MUR 622.19 (no loc) 2024-0017 03/07/2024 2 01/11/2024 Books 01/11/2024  
    Library of Congress Classification     Non-Fiction Footprints International School Library Network Toul Kork Campus Footprints International School Library Network Toul Kork Campus   03/27/2024   MUR 622.19 2024-0415 03/27/2024 3 03/27/2024 Books    
    Library of Congress Classification     Non-Fiction Footprints International School Library Network Toul Tom Poung Campus Footprints International School Library Network Toul Tom Poung Campus TTP Primary Orange Bookshelves 03/09/2026 2 MUR 622.19 2026-0294 04/08/2026 4 03/09/2026 Books 04/08/2026 04/22/2026